[Event "Russian Championship (men blitz)"]
[Site "Sochi"]
[Date "2017.10.02"]
[Round "10.17"]
[White "Novikov, Konstantin"]
[Black "Potkin, Vladimir"]
[Result "0-1"]
[LiveChessVersion "1.4.8"]
[BlackElo "2497"]
[WhiteElo "2302"]

1. e4 {[%clk 0:03:02]} c5 {[%clk 0:03:03]} 2. Nf3 {[%clk 0:03:03]} e6
{[%clk 0:03:05]} 3. c3 {[%clk 0:03:04]} Nf6 {[%clk 0:03:04]} 4. e5
{[%clk 0:03:04]} Nd5 {[%clk 0:03:06]} 5. d4 {[%clk 0:03:05]} cxd4
{[%clk 0:03:07]} 6. cxd4 {[%clk 0:03:06]} Nc6 {[%clk 0:03:07]} 7. Bc4
{[%clk 0:03:06]} d6 {[%clk 0:03:08]} 8. O-O {[%clk 0:03:06]} Be7 {[%clk 0:03:09]}
9. Qe2 {[%clk 0:03:07]} O-O {[%clk 0:03:10]} 10. Qe4 {[%clk 0:03:07]} Qc7
{[%clk 0:03:07]} 11. Bd3 {[%clk 0:03:01]} f5 {[%clk 0:03:07]} 12. exf6
{[%clk 0:02:56]} Nxf6 {[%clk 0:03:08]} 13. Qe2 {[%clk 0:02:53]} d5
{[%clk 0:03:05]} 14. Nc3 {[%clk 0:02:51]} Bd7 {[%clk 0:03:06]} 15. Bg5
{[%clk 0:02:47]} Rae8 {[%clk 0:03:07]} 16. Rac1 {[%clk 0:02:45]} a6
{[%clk 0:03:08]} 17. Rfe1 {[%clk 0:02:34]} Bd6 {[%clk 0:03:08]} 18. Qd2
{[%clk 0:02:18]} Ng4 {[%clk 0:03:00]} 19. h3 {[%clk 0:02:00]} Rxf3
{[%clk 0:02:32]} 20. gxf3 {[%clk 0:01:55]} Nh2 {[%clk 0:01:57]} 21. Kg2
{[%clk 0:01:54]} Rf8 {[%clk 0:01:56]} 22. Be2 {[%clk 0:01:09]} h6
{[%clk 0:01:44]} 23. Be3 {[%clk 0:01:07]} Qd8 {[%clk 0:01:32]} 24. f4
{[%clk 0:01:02]} Qh4 {[%clk 0:01:32]} 25. Kxh2 {[%clk 0:00:42]} Rxf4
{[%clk 0:01:22]} 26. Kg1 {[%clk 0:00:36]} Nxd4 {[%clk 0:01:14]} 27. Bxd4
{[%clk 0:00:26]} Rxd4 {[%clk 0:01:15]} 28. Qe3 {[%clk 0:00:25]} Bf4
{[%clk 0:01:13]} 29. Qxd4 {[%clk 0:00:23]} Bh2+ {[%clk 0:01:03]} 30. Kxh2
{[%clk 0:00:24]} Qxd4 {[%clk 0:01:05]} 31. Kg2 {[%clk 0:00:24]} Qb4
{[%clk 0:00:44]} 32. b3 {[%clk 0:00:23]} Qh4 {[%clk 0:00:45]} 33. Bf3
{[%clk 0:00:20]} Qg5+ {[%clk 0:00:46]} 34. Kf1 {[%clk 0:00:20]} Kh7
{[%clk 0:00:38]} 35. Rcd1 {[%clk 0:00:18]} Qf6 {[%clk 0:00:35]} 36. Rd3
{[%clk 0:00:17]} b5 {[%clk 0:00:32]} 37. Red1 {[%clk 0:00:15]} b4
{[%clk 0:00:34]} 38. Ne4 {[%clk 0:00:08]} Qh4 {[%clk 0:00:20]} 39. Ng3
{[%clk 0:00:03]} Bb5 {[%clk 0:00:21]} 40. Ke2 {[%clk 0:00:04]} Qf6
{[%clk 0:00:18]} 41. R1d2 {[%clk 0:00:05]} Qc3 {[%clk 0:00:16]} 42. Nf1
{[%clk 0:00:05]} Qe5+ {[%clk 0:00:15]} 43. Kd1 {[%clk 0:00:05]} Qa1+
{[%clk 0:00:14]} 44. Ke2 {[%clk 0:00:06]} Qf6 {[%clk 0:00:10]} 45. Ne3
{[%clk 0:00:07]} Qh4 {[%clk 0:00:09]} 46. Bg4 {[%clk 0:00:06]} e5
{[%clk 0:00:07]} 47. Nxd5 {[%clk 0:00:05]} e4 {[%clk 0:00:08]} 48. Ke3
{[%clk 0:00:04]} Bxd3 {[%clk 0:00:08]} 49. Nf4 {[%clk 0:00:03]} Qg5
{[%clk 0:00:09]} 50. f3 Qc5# {[%clk 0:00:09]} 51. Kd4 0-1

[Event "Russian Championship (men blitz)"]
[Site "Sochi"]
[Date "2017.10.02"]
[Round "10.22"]
[White "Sarana, Alexey"]
[Black "Derjabin, Ilja"]
[Result "1/2-1/2"]
[LiveChessVersion "1.4.8"]
[BlackElo "2388"]
[WhiteElo "2574"]

1. Nf3 {[%clk 0:03:03]} c5 {[%clk 0:03:03]} 2. e4 {[%clk 0:03:04]} e6
{[%clk 0:03:04]} 3. d4 {[%clk 0:03:05]} d5 {[%clk 0:03:06]} 4. exd5
{[%clk 0:03:03]} exd5 {[%clk 0:03:07]} 5. Bb5+ {[%clk 0:02:57]} Nc6
{[%clk 0:03:08]} 6. O-O Bd6 7. dxc5 {[%clk 0:02:53]} Bxc5 {[%clk 0:03:11]} 8. Nc3
{[%clk 0:02:50]} Nge7 {[%clk 0:03:11]} 9. Bg5 {[%clk 0:02:48]} f6
{[%clk 0:03:12]} 10. Bf4 {[%clk 0:02:49]} O-O {[%clk 0:03:12]} 11. Re1
{[%clk 0:02:50]} Bg4 {[%clk 0:03:05]} 12. Qd3 {[%clk 0:02:38]} a6
{[%clk 0:02:48]} 13. Bxc6 {[%clk 0:02:38]} bxc6 {[%clk 0:02:49]} 14. Nd4
{[%clk 0:02:37]} Bxd4 {[%clk 0:02:23]} 15. Qxd4 {[%clk 0:02:38]} Bf5
{[%clk 0:02:12]} 16. Na4 {[%clk 0:02:14]} Ng6 {[%clk 0:02:07]} 17. Bg3
{[%clk 0:01:52]} Bxc2 {[%clk 0:02:02]} 18. Nb6 {[%clk 0:01:38]} Ra7
{[%clk 0:02:01]} 19. Nxd5 {[%clk 0:01:18]} Rd7 {[%clk 0:01:51]} 20. Nxf6+ gxf6
{[%clk 0:01:25]} 21. Qc4+ {[%clk 0:01:14]} Rd5 {[%clk 0:01:17]} 22. Qxc2
{[%clk 0:01:14]} Qd7 {[%clk 0:01:16]} 23. Rac1 {[%clk 0:01:10]} Rc8
{[%clk 0:01:15]} 24. Qc4 {[%clk 0:01:09]} a5 {[%clk 0:01:05]} 25. Bf4
{[%clk 0:01:07]} Kg7 {[%clk 0:01:02]} 26. Be3 {[%clk 0:01:07]} Ne5
{[%clk 0:01:02]} 27. Qh4 {[%clk 0:00:55]} Nd3 {[%clk 0:01:02]} 28. Bh6+
{[%clk 0:00:56]} Kf7 {[%clk 0:01:00]} 29. Be3 {[%clk 0:00:44]} Rh8
{[%clk 0:00:55]} 30. Qh6 {[%clk 0:00:36]} Nxe1 {[%clk 0:00:47]} 31. Rxe1
{[%clk 0:00:37]} Qf5 {[%clk 0:00:43]} 32. Qh4 {[%clk 0:00:32]} Rhd8
{[%clk 0:00:43]} 33. Qa4 {[%clk 0:00:32]} Qd7 {[%clk 0:00:34]} 34. h4
{[%clk 0:00:21]} Rd1 {[%clk 0:00:31]} 35. Qxa5 {[%clk 0:00:22]} Rxe1+
{[%clk 0:00:31]} 36. Qxe1 {[%clk 0:00:23]} Qd1 {[%clk 0:00:32]} 37. Qxd1
{[%clk 0:00:17]} Rxd1+ {[%clk 0:00:33]} 38. Kh2 {[%clk 0:00:18]} Ke6
{[%clk 0:00:30]} 39. a3 {[%clk 0:00:16]} Kd5 {[%clk 0:00:30]} 40. Kg3
{[%clk 0:00:11]} Rb1 {[%clk 0:00:30]} 41. b4 {[%clk 0:00:12]} Ra1
{[%clk 0:00:29]} 42. Kf4 {[%clk 0:00:13]} Ke6 {[%clk 0:00:27]} 43. Ke4
{[%clk 0:00:10]} Rxa3 {[%clk 0:00:28]} 44. Kd4 {[%clk 0:00:11]} Ra2
{[%clk 0:00:27]} 45. Kc5 {[%clk 0:00:12]} Rc2+ {[%clk 0:00:28]} 46. Kb6
{[%clk 0:00:14]} Kd5 {[%clk 0:00:28]} 47. Bc5 {[%clk 0:00:14]} f5
{[%clk 0:00:27]} 48. g3 {[%clk 0:00:15]} h5 {[%clk 0:00:28]} 49. Be3
{[%clk 0:00:14]} Ra2 {[%clk 0:00:24]} 50. Kc7 {[%clk 0:00:12]} Rb2
{[%clk 0:00:23]} 51. Bc5 {[%clk 0:00:12]} Rc2 {[%clk 0:00:18]} 52. Kb6
{[%clk 0:00:10]} Rc4 {[%clk 0:00:19]} 53. Bf8 {[%clk 0:00:10]} f4
{[%clk 0:00:18]} 54. Kc7 {[%clk 0:00:07]} f3 {[%clk 0:00:14]} 55. Kb6
{[%clk 0:00:08]} Rc2 {[%clk 0:00:09]} 56. Bc5 {[%clk 0:00:09]} Re2
{[%clk 0:00:09]} 57. Kb7 {[%clk 0:00:09]} Re6 {[%clk 0:00:09]} 58. Kc7
{[%clk 0:00:10]} Rg6 {[%clk 0:00:09]} 59. Kd7 {[%clk 0:00:10]} Rg7+
{[%clk 0:00:11]} 60. Ke8 {[%clk 0:00:10]} Ke6 {[%clk 0:00:12]} 61. Kf8
{[%clk 0:00:11]} Rf7+ {[%clk 0:00:13]} 62. Kg8 {[%clk 0:00:12]} Rb7
{[%clk 0:00:15]} 63. Kf8 {[%clk 0:00:12]} Kd5 {[%clk 0:00:15]} 64. Kg8
{[%clk 0:00:12]} Ke4 {[%clk 0:00:16]} 65. g4 {[%clk 0:00:12]} hxg4
{[%clk 0:00:15]} 66. h5 {[%clk 0:00:13]} Kf5 {[%clk 0:00:16]} 67. Be3
{[%clk 0:00:13]} Rxb4 {[%clk 0:00:09]} 68. h6 {[%clk 0:00:09]} Kg6
{[%clk 0:00:09]} 69. Kf8 {[%clk 0:00:10]} Rb8+ {[%clk 0:00:08]} 70. Ke7
{[%clk 0:00:11]} Rb7+ {[%clk 0:00:08]} 71. Kd6 {[%clk 0:00:12]} Rb3
{[%clk 0:00:08]} 72. Bf4 {[%clk 0:00:12]} Rc3 {[%clk 0:00:07]} 73. Ke5
{[%clk 0:00:10]} Rc2 {[%clk 0:00:07]} 74. Be3 {[%clk 0:00:12]} Re2
{[%clk 0:00:07]} 75. Kf4 {[%clk 0:00:13]} Kxh6 {[%clk 0:00:07]} 76. Kxg4+
{[%clk 0:00:13]} Kg6 {[%clk 0:00:06]} 77. Kxf3 {[%clk 0:00:13]} Ra2
{[%clk 0:00:07]} 78. Ke4 {[%clk 0:00:15]} Kf6 {[%clk 0:00:09]} 79. Kd4
{[%clk 0:00:16]} Ke6 {[%clk 0:00:10]} 80. Kc5 {[%clk 0:00:17]} Rc2+
{[%clk 0:00:11]} 81. Kb4 {[%clk 0:00:19]} Kd5 {[%clk 0:00:13]} 82. Kb3
{[%clk 0:00:20]} Re2 {[%clk 0:00:13]} 83. Kc3 {[%clk 0:00:21]} Re1
{[%clk 0:00:15]} 84. Kd2 {[%clk 0:00:22]} Ra1 {[%clk 0:00:16]} 85. Kc3
{[%clk 0:00:24]} Ra4 {[%clk 0:00:17]} 86. Kb3 {[%clk 0:00:25]} Rg4
{[%clk 0:00:18]} 87. Kc3 {[%clk 0:00:26]} c5 {[%clk 0:00:19]} 88. Kb3
{[%clk 0:00:27]} c4+ {[%clk 0:00:20]} 89. Kc3 {[%clk 0:00:29]} Rg8
{[%clk 0:00:21]} 90. Bb6 {[%clk 0:00:27]} Rb8 {[%clk 0:00:23]} 91. Be3
{[%clk 0:00:28]} Rb3+ {[%clk 0:00:24]} 92. Kc2 {[%clk 0:00:30]} Ke4
{[%clk 0:00:26]} 93. Bc5 {[%clk 0:00:30]} Kd5 {[%clk 0:00:25]} 94. Be3
{[%clk 0:00:31]} Kc6 {[%clk 0:00:25]} 95. Bd4 {[%clk 0:00:32]} Rd3
{[%clk 0:00:26]} 96. Be3 {[%clk 0:00:33]} Kb5 {[%clk 0:00:27]} 97. Kb2
{[%clk 0:00:31]} Rd6 {[%clk 0:00:24]} 98. Kc3 {[%clk 0:00:30]} Rd3+
{[%clk 0:00:24]} 99. Kc2 {[%clk 0:00:32]} Kc6 {[%clk 0:00:25]} 100. Ba7
{[%clk 0:00:32]} Kd5 {[%clk 0:00:26]} 101. Be3 {[%clk 0:00:33]} Ra3
{[%clk 0:00:23]} 102. Kb2 {[%clk 0:00:33]} Ra8 {[%clk 0:00:23]} 103. Kc3
{[%clk 0:00:34]} Ra2 {[%clk 0:00:25]} 104. Bb6 {[%clk 0:00:34]} Ra1
{[%clk 0:00:23]} 105. Be3 {[%clk 0:00:34]} Ra3+ {[%clk 0:00:23]} 106. Kb2
{[%clk 0:00:35]} Ra8 {[%clk 0:00:20]} 107. Kc3 {[%clk 0:00:36]} Rc8
{[%clk 0:00:20]} 108. Bd4 {[%clk 0:00:36]} Rb8 {[%clk 0:00:21]} 109. Be3
{[%clk 0:00:37]} Rb3+ {[%clk 0:00:22]} 110. Kc2 {[%clk 0:00:39]} Ke4
{[%clk 0:00:24]} 111. Bc5 {[%clk 0:00:40]} Kf3 {[%clk 0:00:24]} 112. Be3
{[%clk 0:00:41]} Ke2 113. Bd4 {[%clk 0:00:41]} Rd3 {[%clk 0:00:25]} 114. Be3
{[%clk 0:00:41]} c3 {[%clk 0:00:22]} 115. Bh6 {[%clk 0:00:37]} Rd6
{[%clk 0:00:16]} 116. Bg7 {[%clk 0:00:37]} Kxf2 {[%clk 0:00:15]} 117. Kxc3
{[%clk 0:00:38]} Ke3 {[%clk 0:00:16]} 118. Kc4 {[%clk 0:00:37]} Ke4
{[%clk 0:00:17]} 119. Kc5 {[%clk 0:00:38]} Rd1 {[%clk 0:00:18]} 120. Bf6
{[%clk 0:00:39]} Rc1+ {[%clk 0:00:19]} 121. Kb6 {[%clk 0:00:40]} Kd5
{[%clk 0:00:20]} 122. Bg5 {[%clk 0:00:41]} Rb1+ {[%clk 0:00:21]} 123. Ka7
{[%clk 0:00:41]} Kc6 {[%clk 0:00:22]} 124. Be3 {[%clk 0:00:42]} Rb3
{[%clk 0:00:22]} 125. Bf2 {[%clk 0:00:43]} Kc7 {[%clk 0:00:23]} 126. Ka8
{[%clk 0:00:45]} Ra3+ {[%clk 0:00:21]} 127. Ba7 {[%clk 0:00:46]} Kc6
{[%clk 0:00:23]} 128. Kb8 {[%clk 0:00:47]} Rh3 {[%clk 0:00:24]} 129. Ka8
{[%clk 0:00:47]} Kb5 {[%clk 0:00:24]} 130. Bb8 {[%clk 0:00:46]} Ka6
{[%clk 0:00:24]} 131. Bf4 {[%clk 0:00:46]} Kb6 {[%clk 0:00:19]} 132. Be5
{[%clk 0:00:43]} Kc6 {[%clk 0:00:20]} 133. Bf4 {[%clk 0:00:43]} Ra3+
{[%clk 0:00:21]} 134. Kb8 {[%clk 0:00:44]} Ra4 {[%clk 0:00:23]} 135. Bg3
{[%clk 0:00:45]} Ra2 {[%clk 0:00:22]} 136. Bf4 {[%clk 0:00:45]} Kb6
{[%clk 0:00:23]} 137. Be3+ {[%clk 0:00:46]} Kc6 {[%clk 0:00:25]} 138. Bf4
{[%clk 0:00:47]} Rf2 {[%clk 0:00:26]} 139. Bg3 {[%clk 0:00:48]} Rf3
{[%clk 0:00:24]} 140. Bh2 {[%clk 0:00:48]} 1/2-1/2

[Event "Russian Championship (men blitz)"]
[Site "Sochi"]
[Date "2017.10.02"]
[Round "11.4"]
[White "Tomashevsky, Evgeny"]
[Black "Grachev, Boris"]
[Result "1/2-1/2"]
[LiveChessVersion "1.4.8"]
[BlackElo "2625"]
[WhiteElo "2686"]

1. Nf3 {[%clk 0:03:03]} d5 {[%clk 0:03:00]} 2. g3 {[%clk 0:03:02]} Bg4
{[%clk 0:03:00]} 3. Bg2 {[%clk 0:03:02]} c6 {[%clk 0:03:01]} 4. c4
{[%clk 0:02:55]} e6 {[%clk 0:02:53]} 5. cxd5 {[%clk 0:02:52]} Bxf3
{[%clk 0:02:53]} 6. Bxf3 {[%clk 0:02:53]} cxd5 {[%clk 0:02:54]} 7. O-O
{[%clk 0:02:42]} Nf6 {[%clk 0:02:55]} 8. d4 {[%clk 0:02:33]} Nc6 {[%clk 0:02:53]}
9. Nc3 {[%clk 0:02:31]} Be7 {[%clk 0:02:53]} 10. e3 {[%clk 0:02:31]} O-O
{[%clk 0:02:53]} 11. Bd2 {[%clk 0:02:32]} Rc8 {[%clk 0:02:34]} 12. Rc1
{[%clk 0:02:12]} Qd7 {[%clk 0:01:57]} 13. Qe2 {[%clk 0:01:48]} Rc7
{[%clk 0:01:42]} 14. Nb5 {[%clk 0:01:45]} Rcc8 {[%clk 0:01:43]} 15. Rfd1
{[%clk 0:01:46]} Ne8 {[%clk 0:01:30]} 16. Be1 {[%clk 0:01:38]} Nd6
{[%clk 0:01:29]} 17. Nxd6 {[%clk 0:01:31]} Bxd6 {[%clk 0:01:26]} 18. Qb5
{[%clk 0:01:30]} Ne5 {[%clk 0:01:10]} 19. Qxd7 {[%clk 0:01:29]} Nxd7
{[%clk 0:01:11]} 20. Be2 {[%clk 0:01:23]} f5 {[%clk 0:01:03]} 21. Ba5
{[%clk 0:01:17]} Nf6 {[%clk 0:01:01]} 22. f3 {[%clk 0:01:17]} Kf7
{[%clk 0:01:01]} 23. Kg2 {[%clk 0:01:09]} g5 {[%clk 0:00:52]} 24. g4
{[%clk 0:01:06]} fxg4 {[%clk 0:00:47]} 25. fxg4 {[%clk 0:01:07]} Ne4
{[%clk 0:00:43]} 26. Be1 {[%clk 0:00:55]} Ke7 {[%clk 0:00:41]} 27. h4
{[%clk 0:00:50]} h6 {[%clk 0:00:41]} 28. h5 {[%clk 0:00:50]} a6 {[%clk 0:00:38]}
29. Bf3 {[%clk 0:00:37]} Kd7 {[%clk 0:00:35]} 30. Ba5 {[%clk 0:00:22]} Rxc1
{[%clk 0:00:30]} 31. Rxc1 {[%clk 0:00:23]} Rc8 {[%clk 0:00:26]} 32. Rxc8
{[%clk 0:00:21]} Kxc8 {[%clk 0:00:27]} 33. Kf1 {[%clk 0:00:20]} Kd7
{[%clk 0:00:27]} 34. Ke2 {[%clk 0:00:19]} Bc7 {[%clk 0:00:15]} 35. Be1
{[%clk 0:00:17]} Bd6 {[%clk 0:00:13]} 36. Kd3 {[%clk 0:00:17]} Nf6
{[%clk 0:00:14]} 37. Bc3 {[%clk 0:00:14]} Bc7 {[%clk 0:00:13]} 38. Bb4
{[%clk 0:00:13]} Bd6 {[%clk 0:00:14]} 39. Bc3 {[%clk 0:00:14]} Bc7
{[%clk 0:00:16]} 40. Bb4 {[%clk 0:00:15]} Bd6 {[%clk 0:00:17]} 41. Ke4 1/2-1/2

[Event "Russian Championship (men blitz)"]
[Site "Sochi"]
[Date "2017.10.02"]
[Round "11.8"]
[White "Usmanov, Vasily"]
[Black "Zvjaginsev, Vadim"]
[Result "0-1"]
[LiveChessVersion "1.4.8"]
[BlackElo "2629"]
[WhiteElo "2441"]

1. d4 {[%clk 0:03:03]} d6 {[%clk 0:03:04]} 2. c4 {[%clk 0:03:03]} e5
{[%clk 0:03:04]} 3. Nc3 {[%clk 0:03:04]} Nf6 {[%clk 0:03:05]} 4. Nf3
{[%clk 0:03:04]} Nc6 {[%clk 0:03:06]} 5. h3 {[%clk 0:03:01]} Be7 {[%clk 0:02:57]}
6. d5 {[%clk 0:02:52]} Nb8 {[%clk 0:02:57]} 7. e4 {[%clk 0:02:53]} O-O
{[%clk 0:02:57]} 8. Bd3 {[%clk 0:02:52]} a5 {[%clk 0:02:58]} 9. Be3
{[%clk 0:02:40]} Na6 {[%clk 0:02:59]} 10. a3 {[%clk 0:02:24]} Bd7
{[%clk 0:02:59]} 11. b3 {[%clk 0:02:18]} c6 {[%clk 0:02:55]} 12. O-O
{[%clk 0:02:18]} Qb8 {[%clk 0:02:49]} 13. Rb1 {[%clk 0:02:16]} cxd5
{[%clk 0:02:46]} 14. cxd5 {[%clk 0:02:16]} b5 {[%clk 0:02:47]} 15. b4
{[%clk 0:02:16]} axb4 {[%clk 0:02:45]} 16. axb4 {[%clk 0:02:17]} Bd8
{[%clk 0:02:46]} 17. Qe2 {[%clk 0:02:15]} Bb6 {[%clk 0:02:42]} 18. Bxb5
{[%clk 0:01:48]} Bxe3 {[%clk 0:02:29]} 19. Bxa6 {[%clk 0:01:42]} Bd4
{[%clk 0:02:27]} 20. Rfc1 {[%clk 0:01:05]} Bxc3 {[%clk 0:02:20]} 21. Rxc3
{[%clk 0:01:06]} Nxe4 {[%clk 0:02:16]} 22. Qxe4 {[%clk 0:01:07]} Rxa6
{[%clk 0:02:17]} 23. Ng5 {[%clk 0:00:59]} f5 {[%clk 0:02:15]} 24. Qh4
{[%clk 0:00:58]} h6 {[%clk 0:02:15]} 25. Ne6 {[%clk 0:00:59]} Rf7
{[%clk 0:01:55]} 26. b5 {[%clk 0:00:40]} Rb6 {[%clk 0:01:48]} 27. Qd8+
{[%clk 0:00:24]} Qxd8 {[%clk 0:01:47]} 28. Nxd8 {[%clk 0:00:25]} Rf8
{[%clk 0:01:37]} 29. Nc6 {[%clk 0:00:25]} Ra8 {[%clk 0:01:31]} 30. Rb2
{[%clk 0:00:06]} Kf7 {[%clk 0:01:28]} 31. Kf1 {[%clk 0:00:07]} Kf6 32. Ke2 g5
{[%clk 0:01:27]} 33. f3 {[%clk 0:00:09]} h5 {[%clk 0:01:26]} 34. Kd3
{[%clk 0:00:10]} Ra4 {[%clk 0:01:22]} 35. Rc4 {[%clk 0:00:09]} Ra1
{[%clk 0:01:19]} 36. Kc3 {[%clk 0:00:08]} Rd1 {[%clk 0:01:16]} 37. Rd2
{[%clk 0:00:03]} Rxd2 {[%clk 0:01:16]} 38. Kxd2 {[%clk 0:00:04]} Rxb5
{[%clk 0:01:17]} 39. Nb4 {[%clk 0:00:05]} f4 {[%clk 0:01:11]} 40. Kc3
{[%clk 0:00:05]} g4 {[%clk 0:01:05]} 41. hxg4 {[%clk 0:00:06]} hxg4
{[%clk 0:01:06]} 42. Rc7 {[%clk 0:00:07]} Ke7 {[%clk 0:00:59]} 43. fxg4
{[%clk 0:00:08]} Kd8 {[%clk 0:00:59]} 44. Ra7 {[%clk 0:00:07]} Rc5+
{[%clk 0:00:57]} 45. Kd3 {[%clk 0:00:08]} Bxg4 {[%clk 0:00:57]} 46. Nc6+
{[%clk 0:00:07]} Ke8 {[%clk 0:00:57]} 47. Ra8+ {[%clk 0:00:00]} Kf7
{[%clk 0:00:57]} 48. Ra7+ {[%clk 0:00:00]} Kf6 {[%clk 0:00:57]} 49. Kd4 0-1

[Event "Russian Championship (men blitz)"]
[Site "Sochi"]
[Date "2017.10.02"]
[Round "11.9"]
[White "Demidov, Mikhail"]
[Black "Fedoseev, Vladimir"]
[Result "1/2-1/2"]
[LiveChessVersion "1.4.8"]
[BlackElo "2656"]
[WhiteElo "2555"]

1. d4 {[%clk 0:03:03]} e6 {[%clk 0:03:02]} 2. e4 {[%clk 0:03:03]} d5
{[%clk 0:03:03]} 3. exd5 {[%clk 0:02:52]} exd5 {[%clk 0:03:03]} 4. Nf3
{[%clk 0:02:53]} Nf6 {[%clk 0:03:04]} 5. Bd3 {[%clk 0:02:53]} Be7
{[%clk 0:03:04]} 6. O-O {[%clk 0:02:53]} O-O {[%clk 0:03:04]} 7. Re1
{[%clk 0:02:52]} Bg4 {[%clk 0:03:02]} 8. c3 {[%clk 0:02:52]} Nbd7
{[%clk 0:03:00]} 9. Bg5 {[%clk 0:02:49]} Re8 {[%clk 0:02:54]} 10. Nbd2
{[%clk 0:02:49]} c6 {[%clk 0:02:48]} 11. Qc2 {[%clk 0:02:49]} Bh5
{[%clk 0:02:39]} 12. Ne5 {[%clk 0:02:45]} h6 {[%clk 0:02:28]} 13. Bf4
{[%clk 0:02:32]} Nxe5 {[%clk 0:02:26]} 14. Rxe5 {[%clk 0:02:14]} Bd6
{[%clk 0:02:03]} 15. Rxe8+ {[%clk 0:02:12]} Nxe8 {[%clk 0:02:04]} 16. Bxd6
{[%clk 0:02:01]} Nxd6 {[%clk 0:02:05]} 17. Re1 {[%clk 0:02:01]} Bg4
{[%clk 0:01:45]} 18. h3 {[%clk 0:01:56]} Be6 {[%clk 0:01:46]} 19. Nf3
{[%clk 0:01:57]} Qf6 {[%clk 0:01:26]} 20. Qe2 {[%clk 0:01:50]} Re8
{[%clk 0:01:23]} 21. Qe5 {[%clk 0:01:34]} Qd8 {[%clk 0:01:06]} 22. Qf4
{[%clk 0:01:30]} Ne4 {[%clk 0:00:57]} 23. Bxe4 {[%clk 0:01:03]} dxe4
{[%clk 0:00:59]} 24. Rxe4 {[%clk 0:00:59]} Bxa2 {[%clk 0:00:58]} 25. Rxe8+
{[%clk 0:01:00]} Qxe8 {[%clk 0:00:59]} 26. Qc7 {[%clk 0:01:00]} Qa8
{[%clk 0:00:49]} 27. Ne5 {[%clk 0:00:59]} Be6 {[%clk 0:00:49]} 28. f4
{[%clk 0:00:47]} Qc8 {[%clk 0:00:33]} 29. Qe7 {[%clk 0:00:42]} f6
{[%clk 0:00:27]} 30. Nd3 {[%clk 0:00:21]} Bc4 {[%clk 0:00:24]} 31. Nc5
{[%clk 0:00:20]} b6 {[%clk 0:00:23]} 32. Nd7 {[%clk 0:00:18]} Bf7
{[%clk 0:00:22]} 33. g4 {[%clk 0:00:12]} Qe8 {[%clk 0:00:22]} 34. Qxe8+
{[%clk 0:00:09]} Bxe8 {[%clk 0:00:23]} 35. Nb8 {[%clk 0:00:10]} Kf7
{[%clk 0:00:16]} 36. Na6 {[%clk 0:00:11]} Ke6 {[%clk 0:00:17]} 37. Kf2
{[%clk 0:00:09]} Kd6 {[%clk 0:00:16]} 38. Ke3 {[%clk 0:00:09]} Bd7
{[%clk 0:00:15]} 39. b3 {[%clk 0:00:06]} Bc8 {[%clk 0:00:14]} 40. Nb4
{[%clk 0:00:07]} a5 {[%clk 0:00:15]} 41. Nd3 {[%clk 0:00:06]} Be6 42. c4 b5
{[%clk 0:00:14]} 43. Nb2 {[%clk 0:00:07]} Bf7 {[%clk 0:00:13]} 44. Kd3
{[%clk 0:00:07]} h5 {[%clk 0:00:13]} 45. Nd1 {[%clk 0:00:06]} a4 {[%clk 0:00:13]}
46. c5+ {[%clk 0:00:07]} Ke7 {[%clk 0:00:11]} 47. bxa4 {[%clk 0:00:09]} bxa4
{[%clk 0:00:12]} 48. Ne3 {[%clk 0:00:10]} a3 {[%clk 0:00:12]} 49. Kc3
{[%clk 0:00:11]} hxg4 {[%clk 0:00:11]} 50. hxg4 {[%clk 0:00:12]} g6
{[%clk 0:00:11]} 51. Nc2 {[%clk 0:00:11]} Be6 {[%clk 0:00:08]} 52. g5
{[%clk 0:00:10]} fxg5 {[%clk 0:00:09]} 53. fxg5 {[%clk 0:00:11]} a2
{[%clk 0:00:09]} 54. Kb2 {[%clk 0:00:12]} Bd5 {[%clk 0:00:11]} 55. Ne3
{[%clk 0:00:12]} Ke6 {[%clk 0:00:12]} 56. Ka1 {[%clk 0:00:10]} Bb3
{[%clk 0:00:11]} 57. Kb2 {[%clk 0:00:11]} Bd5 {[%clk 0:00:12]} 58. Ka1
{[%clk 0:00:12]} Bb3 {[%clk 0:00:14]} 59. Kb2 {[%clk 0:00:14]} Ke5 1/2-1/2

[Event "Russian Championship (men blitz)"]
[Site "Sochi"]
[Date "2017.10.02"]
[Round "11.10"]
[White "Dzhumagaliev, Yan"]
[Black "Bocharov, Dmitry"]
[Result "1/2-1/2"]
[LiveChessVersion "1.4.8"]
[BlackElo "2653"]
[WhiteElo "2465"]

1. d4 {[%clk 0:03:03]} Nf6 {[%clk 0:03:03]} 2. Nf3 {[%clk 0:03:05]} e6
{[%clk 0:03:01]} 3. c4 {[%clk 0:03:06]} b6 {[%clk 0:02:55]} 4. a3
{[%clk 0:03:00]} Ba6 {[%clk 0:02:53]} 5. e3 {[%clk 0:02:50]} d5 {[%clk 0:02:43]}
6. Ne5 {[%clk 0:02:42]} dxc4 {[%clk 0:02:28]} 7. Nc3 {[%clk 0:02:24]} Bb7
{[%clk 0:02:16]} 8. Qa4+ {[%clk 0:02:05]} c6 {[%clk 0:02:16]} 9. Bxc4
{[%clk 0:01:58]} Bd6 {[%clk 0:02:08]} 10. Qc2 {[%clk 0:01:30]} O-O
{[%clk 0:02:06]} 11. O-O {[%clk 0:01:23]} Nbd7 {[%clk 0:02:00]} 12. Nxd7
{[%clk 0:01:07]} Qxd7 {[%clk 0:02:00]} 13. e4 {[%clk 0:01:02]} e5
{[%clk 0:02:01]} 14. dxe5 {[%clk 0:00:54]} Bxe5 {[%clk 0:02:01]} 15. h3
{[%clk 0:00:55]} Rad8 {[%clk 0:01:55]} 16. Bg5 {[%clk 0:00:53]} h6
{[%clk 0:01:52]} 17. Be3 {[%clk 0:00:52]} Rfe8 {[%clk 0:01:52]} 18. Rad1
{[%clk 0:00:53]} Qe7 {[%clk 0:01:47]} 19. f3 {[%clk 0:00:40]} c5 {[%clk 0:01:42]}
20. Rxd8 {[%clk 0:00:37]} Rxd8 {[%clk 0:01:42]} 21. Rd1 {[%clk 0:00:38]} Bc8
{[%clk 0:01:27]} 22. Rxd8+ {[%clk 0:00:36]} Qxd8 {[%clk 0:01:27]} 23. Qd2
{[%clk 0:00:33]} Qe7 {[%clk 0:01:24]} 24. Nd5 {[%clk 0:00:28]} Nxd5
{[%clk 0:01:24]} 25. Bxd5 {[%clk 0:00:28]} Be6 {[%clk 0:01:22]} 26. b3
{[%clk 0:00:17]} Qd7 {[%clk 0:01:14]} 27. Bc4 {[%clk 0:00:17]} Qe7
{[%clk 0:01:03]} 28. f4 {[%clk 0:00:16]} Bf6 {[%clk 0:00:54]} 29. e5
{[%clk 0:00:17]} Bh4 {[%clk 0:00:54]} 30. Qd3 {[%clk 0:00:15]} g6
{[%clk 0:00:46]} 31. Bd2 {[%clk 0:00:10]} Qe8 {[%clk 0:00:42]} 32. Bb5 Qc8 33.
Bc4 {[%clk 0:00:08]} Be7 {[%clk 0:00:39]} 34. a4 {[%clk 0:00:06]} h5
{[%clk 0:00:39]} 35. Be3 {[%clk 0:00:06]} Kf8 {[%clk 0:00:38]} 36. Bd2
{[%clk 0:00:07]} Bxc4 {[%clk 0:00:23]} 37. bxc4 {[%clk 0:00:07]} Qe6
{[%clk 0:00:24]} 38. Kf2 {[%clk 0:00:06]} Qc6 {[%clk 0:00:21]} 39. Qc2
{[%clk 0:00:05]} Bh4+ {[%clk 0:00:20]} 40. Kf1 {[%clk 0:00:03]} Qd7
{[%clk 0:00:21]} 41. Be3 Be7 {[%clk 0:00:21]} 42. Ke2 {[%clk 0:00:05]} Ke8
{[%clk 0:00:20]} 43. Qb3 {[%clk 0:00:06]} Qb7 {[%clk 0:00:19]} 44. Kf2
{[%clk 0:00:05]} Qe4 {[%clk 0:00:20]} 45. g3 {[%clk 0:00:03]} h4 {[%clk 0:00:20]}
46. g4 {[%clk 0:00:05]} Qh1 {[%clk 0:00:21]} 47. Bd2 {[%clk 0:00:04]} Qh2+
{[%clk 0:00:21]} 48. Ke1 {[%clk 0:00:06]} Qg1+ {[%clk 0:00:22]} 49. Ke2
{[%clk 0:00:07]} Qg2+ {[%clk 0:00:22]} 50. Kd1 {[%clk 0:00:08]} Kf8
{[%clk 0:00:20]} 51. Qc3 {[%clk 0:00:09]} Qe4 {[%clk 0:00:20]} 52. Qb3
{[%clk 0:00:08]} g5 {[%clk 0:00:20]} 53. fxg5 {[%clk 0:00:08]} Qxe5
{[%clk 0:00:21]} 54. Qd3 {[%clk 0:00:07]} Bxg5 {[%clk 0:00:22]} 55. Bxg5
{[%clk 0:00:05]} Qxg5 56. Kc2 {[%clk 0:00:05]} Qf6 {[%clk 0:00:20]} 57. Kb3
{[%clk 0:00:05]} Kg7 {[%clk 0:00:20]} 58. Qe3 {[%clk 0:00:04]} Qg6
{[%clk 0:00:16]} 59. Qe5+ {[%clk 0:00:06]} Kh7 {[%clk 0:00:16]} 60. Qe3
{[%clk 0:00:06]} Qb1+ {[%clk 0:00:17]} 61. Kc3 {[%clk 0:00:06]} Qb4+
{[%clk 0:00:17]} 62. Kd2 Qb3 {[%clk 0:00:15]} 63. Qe7 {[%clk 0:00:09]} Qxc4
{[%clk 0:00:15]} 64. Kc1 {[%clk 0:00:09]} Qd5 {[%clk 0:00:14]} 1/2-1/2